Culture Générale - Série 1783 - Statistiques

Statistiques générales
  • Ce quiz a été pris 217 fois
  • Le résultat moyen est 4 sur 10
Statistiques - réponses
Question Réponse % Correct
Quel était le nom de famille de Juliette dans la pièce de théâtre de Shakespeare "Roméo et Juliette" ? Capulet
76%
Quel mot, d'origine anglaise, désigne un homme qui affecte une suprême élégance dans sa toilette, ses manières, ses goûts ? dandy
72%
Dans la mythologie grecque, quelle était le nom de la soeur et épouse de Zeus ? Héra
67%
Quel était le nom de famille de Roméo dans la pièce de théâtre de Shakespeare "Roméo et Juliette" ? Montaigu
65%
Quelle était le prénom de la compagne du légendaire hors-la-loi anglais Robin des Bois ? Marianne
58%
Dans l'Énéide, le poète latin Virgile chante les amours de Didon et .... Enée
28%
Quel héros de la littérature d'enfance et de jeunesse a été créé par Cécile de Brunhoff ? Babar
26%
Complètez le titre de l'opéra en cinq actes de Claude Debussy," Pelléas et .... Mélisande
20%
En Belgique, comment appelle-t-on la coiffe traditionnelle estudiantine des universités et hautes écoles non catholiques (Bruxelles, Namur, Liège...) ? penne
7%
Comment appelle-t-on un saumon n'ayant pas encore atteint les trois ans et évoluant dans les rivières ? tacon
3%
Aucun quiz correspondant
Distribution des résultats
% des personnes avec chaque résultat
Percentile par nombre de réponses
Votre historique - résultats
Vous n’avez pas pris ce quiz